000 00275nam a22001097a 4500
008 170110b xxu||||| |||| 00| 0 eng d
020 _a9780781769860
041 _aeng
080 _212TH
_a618.2
245 _aHANDBOOK OF NUSING DIAGNOSIS
_cCARPENITO-MOYET, L.J
942 _2udc
_cBK
999 _c2640
_d2640